RC Deportivo de La Coruña Squad 1999-2000 - Statistics

General Stats
  • This quiz has been taken 36 times
  • The average score is 8 of 27
Answer Stats
# Position Nation Player % Correct
7 FW Netherlands Roy Makaay
76%
10 MF Spain Fran
65%
8 MF Brazil Djalminha
59%
1 GK Cameroon Jacques Songo'o
59%
12 DF Argentina Lionel Scaloni
59%
6 MF Brazil Mauro Silva
59%
20 MF Spain Donato
47%
2 DF Spain Manuel Pablo
47%
4 DF Morocco Noureddine Naybet
47%
- Coach Spain Javier Irureta
41%
9 FW Portugal Pauleta
41%
16 MF Brazil Flávio Conceição
35%
22 MF Spain José Manuel
35%
18 FW Spain Víctor Sánchez
24%
3 DF Spain Enrique Romero
18%
28 MF Spain José Ramón
18%
21 MF Spain Jaime
12%
23 FW Morocco Salaheddine Bassir
12%
11 FW Argentina Turu Flores
12%
14 DF Spain César Martín
6%
25 MF Spain Fernando
6%
5 DF Argentina Gabriel Schürrer
6%
15 FW Spain Iván Pérez
6%
19 DF Spain Luis Miguel Ramis
6%
17 DF Spain Manel Menéndez
6%
13 GK Czech Republic Petr Kouba
6%
24 MF Serbia Slaviša Jokanović
6%
No matching quizzes found
Score Distribution
Percent of People with Each Score
Percentile by Number Answered
Your Score History
You have not taken this quiz